Aachen : Fotografiert von jost schilgen. Mit einem text von wolfgang richter
Enregistré dans:
| Format: | Livre |
|---|---|
| Langue: | Undetermined |
| Publié: |
Grasberg
Sachbuchverlag Karin Mader
1989
|
| Sujets: | |
| Tags: |
Ajouter un tag
Pas de tags, Soyez le premier à ajouter un tag!
|
| Thư viện lưu trữ: | Trung tâm Học liệu Trường Đại học Cần Thơ |
|---|
| LEADER | 00563nam a2200181Ia 4500 | ||
|---|---|---|---|
| 001 | CTU_104611 | ||
| 008 | 210402s9999 xx 000 0 und d | ||
| 082 | |a 943.55 | ||
| 082 | |b A111 | ||
| 245 | 0 | |a Aachen : | |
| 245 | 0 | |b Fotografiert von jost schilgen. Mit einem text von wolfgang richter | |
| 260 | |a Grasberg | ||
| 260 | |b Sachbuchverlag Karin Mader | ||
| 260 | |c 1989 | ||
| 650 | |a Aachen (Đức),Aachen (Đức) | ||
| 650 | |x Mô tả và du lịch,Thánh đường | ||
| 904 | |i Năm | ||
| 980 | |a Trung tâm Học liệu Trường Đại học Cần Thơ | ||